LEADER 00936nam0-2200277 --450 001 9910902400903321 005 20241113150004.0 010 $a978-88-481-4630-2 100 $a20241113d2023----km-y0itay50------ba 101 0 $aita$cita 102 $aIT 105 $aa-------001yy 200 1 $aAutodeskŪ AutoCAD 2024$eguida completa per architettura, meccanica e design$eprogettazione 2D, modellazione 3D, tavole tecniche, rendering, stampa 3D$fWerner Stefano Villa 210 $aMilano$cTecniche nuove$d2023 215 $aXV, 558 p.$cill.$d24 cm 225 1 $aVolcano Learning 610 0 $aMicroelaboratori elettronici$aProgrammi AutoCAD 676 $a620.004202856693$v23$zita 700 1$aVilla,$bWerner Stefano$0523916 801 0$aIT$bUNINA$gREICAT$2UNIMARC 901 $aBK 912 $a9910902400903321 952 $a13 37 39$b4861/2024$fFINBC 959 $aFINBC 996 $aAutodeskŪ AutoCAD 2024$94272835 997 $aUNINA